000 00585pam a2200229 4500
999 _c173434
_d173434
001 0000172939
003 PPAK
005 20190712130731.0
008 161215s2008 CNT 000 0 eng d
020 _a9781906020170
040 _cPPAK
_aPPAK
082 _a032.02
090 0 0 _a032.02
_bWOR
_dR
245 0 0 _aWorld of knowledge /
260 _aLondon :
_bSandcastle Books,
_c2008
300 _a445 p :
_bcol.ill.,
_c22 cm
336 _2rdacontent
_atext
337 _2rdamedia
_aunmediated
338 _2rdacarrier
_avolume
440 0 _aPocket Encyclopedia
942 _2ddc
_cB